Những tấm lòng tình nguyện

Những Tấm Lòng Tình Nguyện là sự đồng điệu của những trái tim đầy nhiệt huyết - những câu chuyện khiến bạn xao động và làm cho tâm hồn bạn tốt đẹp hơn với mong muốn được giúp đỡ người khác.......

पूर्ण विवरण

में बचाया:
ग्रंथसूची विवरण
स्वरूप: पुस्तक
भाषा:Undetermined
प्रकाशित: Thành phố Hồ Chí Minh Trẻ 2005
विषय:
टैग : टैग जोड़ें
कोई टैग नहीं, इस रिकॉर्ड को टैग करने वाले पहले व्यक्ति बनें!
Thư viện lưu trữ: Trung tâm Học liệu Trường Đại học Cần Thơ
LEADER 00816nam a2200193Ia 4500
001 CTU_94347
008 210402s9999 xx 000 0 und d
020 |c 21000 
082 |a 808 
082 |b Nh565 
245 0 |a Những tấm lòng tình nguyện 
245 0 |c Tiểu Ngư 
260 |a Thành phố Hồ Chí Minh 
260 |b Trẻ 
260 |c 2005 
520 |a Những Tấm Lòng Tình Nguyện là sự đồng điệu của những trái tim đầy nhiệt huyết - những câu chuyện khiến bạn xao động và làm cho tâm hồn bạn tốt đẹp hơn với mong muốn được giúp đỡ người khác.... 
650 |a Short stories 
904 |i Minh 
980 |a Trung tâm Học liệu Trường Đại học Cần Thơ